[Event "16th Open"]
[Site "Abu Dhabi UAE"]
[Date "2006.08.16"]
[Round "5"]
[White "Miroshnichenko,E"]
[Black "Ibrahimov,R"]
[Result "1/2-1/2"]
[WhiteElo "2616"]
[BlackElo "2528"]

1.Nf3 Nf6 2.c4 b6 3.g3 c5 4.Bg2 Bb7 5.O-O g6 6.Nc3 Bg7 7.d4 cxd4 8.Qxd4 d6
9.Be3 Nbd7 10.Rac1 Rc8 11.b3 a6 12.Rfd1 O-O 13.Qh4 Rc7 14.g4 Qa8 15.g5 Ne4
16.Nd5 Bxd5 17.Rxd5 Nec5 18.Bd4 Ne6 19.Bxg7 Nxg7 20.Rcd1 b5 21.R5d2 Qb8 22.Bh3 bxc4
23.Bxd7 c3 24.Rc2 Rxd7 25.Rxc3 Rc7 26.Rdc1 Rfc8 27.Rxc7 Rxc7 28.Rxc7 Qxc7
29.Qe4 Ne6 30.e3 Qa5 31.Kg2 Nxg5 32.Qxe7 Nxf3 33.Kxf3 Qxa2 34.Qxd6 Qxb3  1/2-1/2

[Event "Independence Cup A"]
[Site "Kyiv UKR"]
[Date "2006.08.20"]
[Round "8"]
[White "Goncharov,O"]
[Black "Nogin,N"]
[Result "1-0"]
[WhiteElo "2193"]
[BlackElo "2321"]

1.Nf3 Nf6 2.c4 c5 3.g3 b6 4.Bg2 Bb7 5.O-O g6 6.Nc3 Bg7 7.d4 cxd4 8.Qxd4 d6
9.Rd1 Nbd7 10.Be3 a6 11.Rac1 O-O 12.Qh4 Rc8 13.b3 Rc7 14.Bh3 Re8 15.g4 Nc5
16.g5 Nfd7 17.Nd5 Rc8 18.Bd4 e5 19.Bxc5 Rxc5 20.Bxd7 Qxd7 21.Nxb6 Qf5 22.b4 e4
23.Nd4 Qxg5+ 24.Qg3 Rce5 25.Nd7 Qxg3+ 26.hxg3 R5e7 27.Nb6 e3 28.f3 h5 29.c5 dxc5
30.bxc5 Rc7 31.Nb3 Bc6 32.Nd5 Rd7 33.Nb4 Rxd1+ 34.Rxd1 Bb5 35.Kf1 Bf8 36.Nd5 Kg7
37.Rd4 Rc8 38.Rd1 Bc4 39.Nxe3 Bxb3 40.axb3 Rxc5 41.Nc4 Rg5 42.Kf2 Bc5+ 43.e3 Bb4
44.Rd7 Rb5 45.Rd3 a5 46.f4 f6 47.Kf3 g5 48.e4 g4+ 49.Ke2 Rb7 50.Rd5 Kh6 51.e5 fxe5
52.fxe5 Kg6 53.Ne3 Bf8 54.Rxa5 Rxb3 55.Ra6+ Kg5 56.Ra8 Bc5 57.Rg8+ Kh6 58.Nf5+ Kh7
59.Rg7+ Kh8 60.Rg5 Kh7 61.e6 Rb6 62.Rg7+ Kh8 63.Rg6 Kh7 64.e7 Rb2+ 65.Kd3 Bxe7
66.Rg7+ Kh8 67.Rxe7 Rb3+ 68.Ke4 Rf3 69.Re6  1-0

[Event "TCh-Serbia"]
[Site "Zlatibor SCG"]
[Date "2006.09.02"]
[Round "8"]
[White "Bogosavljevic,B"]
[Black "Marinkovic,I"]
[Result "1/2-1/2"]
[WhiteElo "2302"]
[BlackElo "2444"]

1.Nf3 Nf6 2.c4 c5 3.g3 b6 4.Bg2 Bb7 5.O-O g6 6.Nc3 Bg7 7.d4 cxd4 8.Qxd4 d6
9.Be3 Nbd7 10.Rac1 Nc5 11.h3 Nce4 12.Nxe4 Bxe4 13.g4 Bb7 14.Ne1 Qc8 15.Bxb7 Qxb7
16.Nd3 O-O 17.g5 Nh5 18.Qd5 Qd7 19.Kg2 e6 20.Qb5 Qb7+ 21.f3 Rab8 22.Rfd1 Rfd8
23.Nb4 Rbc8 24.b3 Bf8 25.Na6 h6 26.gxh6 Kh7 27.c5 dxc5 28.Nxc5 Rxc5 29.Bxc5 Rxd1
30.Rxd1 Bxc5 31.b4 Be3 32.Qd7 Qb8 33.Qd6 Qxd6 34.Rxd6 b5 35.Rd7 Kxh6 36.Rxf7 Nf4+
37.Kf1 Nxh3 38.Rb7 Bb6 39.e3 Ng5 40.Ke2 Nh7 41.Re7 Nf6 42.Rxe6 Nd5 43.Re5 Nxb4
44.Rxb5 Nc2 45.Rb2 Nxe3 46.Rxb6 axb6 47.Kxe3 Kg5 48.Ke4 b5 49.Kd5  1/2-1/2

[Event "Open A"]
[Site "Trieste ITA"]
[Date "2006.09.03"]
[Round "3"]
[White "Tratar,M"]
[Black "Stocek,J"]
[Result "1/2-1/2"]
[WhiteElo "2503"]
[BlackElo "2561"]

1.Nf3 Nf6 2.c4 b6 3.g3 c5 4.Bg2 Bb7 5.O-O g6 6.b3 d6 7.Nc3 Bg7 8.Bb2 Nbd7
9.e3 a6 10.d4 O-O 11.d5 b5 12.Nd2 Rb8 13.Qc2 bxc4 14.bxc4 e6 15.Rab1 exd5
16.cxd5 h5 17.h3 Re8 18.Ba1 h4 19.g4 Ne5 20.g5 Nh5 21.f4 Nd7 22.Nc4 Qe7 23.Rb3 Ba8
24.Rfb1 Rxb3 25.axb3 Ng3 26.Ne2 Nf5 27.e4 Bxd5 28.exf5 Bxg2 29.Kxg2 Bxa1
30.Rxa1 Qxe2+ 31.Qxe2 Rxe2+ 32.Kf3 Rh2 33.fxg6 fxg6 34.Kg4 d5 35.Ne3 d4 36.Nc4 Kf7
37.Rxa6 Rf2 38.Rd6 Nf8 39.Rf6+ Ke7 40.Kxh4 Rf3 41.Nd2 Rd3 42.Ne4 Rxb3 43.Nxc5 Rc3
44.Ne4  1/2-1/2

[Event "Universities"]
[Site "Istanbul TUR"]
[Date "2006.09.04"]
[Round "6"]
[White "Agayev,N"]
[Black "Kuparadze,G"]
[Result "1-0"]
[WhiteElo "2285"]
[BlackElo "2389"]

1.Nf3 c5 2.c4 Nf6 3.g3 b6 4.Bg2 Bb7 5.O-O g6 6.b3 Bg7 7.Bb2 O-O 8.Nc3 d6
9.d4 a6 10.Qc2 Qc7 11.Rad1 Rc8 12.d5 b5 13.cxb5 axb5 14.Nxb5 Qa5 15.Nc3 Na6
16.a3 Nb4 17.Qc1 Nbxd5 18.Nxd5 Nxd5 19.Ng5 c4 20.bxc4 Bxb2 21.Qxb2 Nc3 22.Qxb7 Qxg5
23.Rd3 Rab8 24.Qa7 Nxe2+ 25.Kh1 Rb2 26.Re3 e5 27.Bd5 Rf8 28.Rf3 Kh8 29.Rxf7 Rxf7
30.Qxf7 Qd8 31.a4 Nc3 32.a5 Nxd5 33.Qxd5 Qf8 34.Kg2 Ra2 35.Kg1 Kg7 36.a6 Qb8
37.Qc6 h5 38.h4 Kh6 39.Kg2 Kh7 40.Kg1 Kh6 41.Kg2 Kh7 42.Rd1 Qa7 43.Qb7+ Qxb7+
44.axb7 Rb2 45.Rxd6 Rxb7 46.c5 e4 47.Rd4 Rc7 48.Rc4 Kg7 49.Kf1 Kf6 50.Ke2 Ke5
51.Ke3 Kd5 52.Rc2 Rc6 53.Rc1 Ke5 54.Rc4 Kd5 55.Rxe4 Rxc5 56.Re8 Kd6 57.Rg8 Re5+
58.Kf3 Rf5+ 59.Kg2 Rf6 60.Re8 Kd7 61.Re3 Ra6 62.f4 Ra2+ 63.Kf3 Ra1 64.Re5 Ra3+
65.Kg2 Ra2+ 66.Kh3 Ra6 67.Kg2 Ra2+ 68.Kf3 Ra3+ 69.Re3 Ra1 70.Kg2 Ra2+ 71.Kh3 Ra1
72.Re5 Ra6 73.f5 gxf5 74.Rxf5 Rh6 75.Re5 Kd6 76.Rg5 Ke6 77.Kg2 Kf7 78.Kf3 Rf6+
79.Ke4 Re6+ 80.Kd5 Re3 81.Kd4 Ra3 82.Ke4 Kf6 83.Kf4 Ra1 84.Rxh5 Kg6 85.Re5 Kf6
86.Re4 Kg6 87.Kg4 Ra5 88.h5+ Kg7 89.Kh4 Kh6 90.Re6+ Kg7 91.g4 Kh7 92.Re7+ Kg8
93.h6 Ra8 94.g5 Kh8 95.Kh5 Rg8 96.g6 Ra8 97.Kg5 Rb8 98.Kf6 Kg8 99.Re6 Ra8
100.Re5 Rb8 101.h7+  1-0

[Event "FSGM September"]
[Site "Budapest HUN"]
[Date "2006.09.11"]
[Round "10"]
[White "Flumbort,A"]
[Black "Radziewicz,I"]
[Result "1-0"]
[WhiteElo "2510"]
[BlackElo "2425"]

1.Nf3 c5 2.c4 Nf6 3.g3 b6 4.Bg2 Bb7 5.O-O g6 6.d4 cxd4 7.Qxd4 Bg7 8.Nc3 Nc6
9.Qf4 Na5 10.b3 Qb8 11.Qe3 O-O 12.Qxe7 Re8 13.Qa3 d5 14.Bf4 Qc8 15.Rac1 d4
16.Nd5 Nc6 17.Rfe1 h6 18.Bxh6 Nxd5 19.cxd5 Bxh6 20.dxc6 Bxc1 21.Rxc1 Bxc6
22.Nxd4 Qc7 23.Nxc6 Rac8 24.Bf3 b5 25.Kg2 Kh7 26.Qc5 a6 27.h4 Re6 28.h5 Qd6
29.hxg6+ fxg6 30.Rh1+ Kg7 31.Qa7+ Rc7 32.Qb8  1-0

[Event "7th Veselin Boskovic Mem Op"]
[Site "Beograd SRB"]
[Date "2006.10.05"]
[Round "4"]
[White "Bogosavljevic,B"]
[Black "Tadic,B"]
[Result "1/2-1/2"]
[WhiteElo "2375"]
[BlackElo "2482"]

1.Nf3 Nf6 2.c4 b6 3.g3 Bb7 4.Bg2 c5 5.O-O g6 6.Nc3 Bg7 7.Re1 Ne4 8.Nxe4 Bxe4
9.d3 Bb7 10.d4 cxd4  1/2-1/2

[Event "Muensterland Open"]
[Site "Senden GER"]
[Date "2006.10.08"]
[Round "2"]
[White "Tereick,B"]
[Black "Nattermueller,M"]
[Result "1-0"]
[WhiteElo "2262"]
[BlackElo "2105"]

1.Nf3 c5 2.c4 Nf6 3.g3 b6 4.Bg2 Bb7 5.O-O g6 6.b3 Bg7 7.Bb2 O-O 8.d4 cxd4
9.Qxd4 d6 10.Nc3 Nbd7 11.Rad1 Nc5 12.Qh4 Nh5 13.Nd4 Bxg2 14.Kxg2 Qd7 15.e4 Bf6
16.Qh3 Qb7 17.f3 Bxd4 18.Rxd4 Ne6 19.Nd5 Nxd4 20.Bxd4 e5 21.Be3 f6 22.Qe6+ Qf7
23.Qxd6 Rad8 24.Qb4 f5 25.Bh6 Ng7 26.exf5 gxf5 27.Bg5 Rb8 28.Be7 Rfc8 29.Bd6 Rb7
30.Ne7+ Rxe7 31.Bxe7 Re8 32.Bd6 Qg6 33.f4 e4 34.Be5 Ne6 35.Bd6 Nd4 36.c5 bxc5
37.Bxc5 Nf3 38.Qc4+ Kg7 39.Bxa7 Qf6 40.Be3 Kh6 41.Rd1 Re6 42.Bd4 Qg6 43.Bc5 Kh5
44.h3 Qe8 45.Rd5 e3 46.g4+ Kh6 47.Kxf3 e2 48.Bf2 Re3+ 49.Bxe3 e1=Q 50.Rd6+ Kg7
51.Bd4+ Kf8 52.Rf6+ Ke7 53.Qc7+  1-0

[Event "I Patrimonio de la Humanidad Open"]
[Site "Alcala de Henares ESP"]
[Date "2006.10.12"]
[Round "6"]
[White "Hernandez,Hold"]
[Black "Borges Mateos,J"]
[Result "1-0"]
[WhiteElo "2524"]
[BlackElo "2431"]

1.Nf3 c5 2.c4 Nf6 3.g3 b6 4.Bg2 Bb7 5.O-O g6 6.Nc3 Bg7 7.d4 cxd4 8.Qxd4 O-O
9.Qh4 d6 10.Bh6 Nbd7 11.Rac1 Rc8 12.Rfd1 Bxh6 13.Qxh6 Bxf3 14.Bxf3 Rxc4 15.Nb5 Rxc1
16.Rxc1 a6 17.Na7 b5 18.Nc6 Qe8 19.g4 Nb6 20.Qe3 Nfd5 21.Qa3 f5 22.Qxa6 fxg4
23.Bg2 Qf7 24.Rf1 e6 25.e4  1-0

[Event "11th ECU Club Cup w"]
[Site "Feugen AUT"]
[Date "2006.10.12"]
[Round "5"]
[White "Kovalevskaya,E"]
[Black "Cmilyte,V"]
[Result "1/2-1/2"]
[WhiteElo "2434"]
[BlackElo "2469"]

1.Nf3 Nf6 2.g3 b6 3.Bg2 Bb7 4.O-O c5 5.c4 g6 6.d4 cxd4 7.Qxd4 Bg7 8.Nc3 d6
9.Rd1 Nbd7 10.b3 Rc8 11.Bb2 O-O 12.Nd5 Bxd5 13.cxd5 Rc5 14.Ne1 b5 15.Qd2 Nb6
16.Nd3 Rc7 17.e4 Nbd7 18.f3 Nc5 19.Nxc5 Rxc5 20.Bd4 Rc7 21.Rac1 Nd7 22.Be3 a5
23.Rxc7 Qxc7 24.Rc1 Nc5 25.b4 axb4 26.Qxb4 Qa7 27.Qxb5 Qa3 28.Qe2 Rb8 29.Rc2 Rb1+
30.Bf1 h5 31.Kg2 Qb4 32.Qd2 Qa4 33.Qf2 Na6 34.Bxa6 Qxa6 35.Qe2 Qa3 36.Bf2 Kh7
37.Qc4 Ba1 38.Qe2 Bb2 39.Qe3 Qa6 40.Qe2 Qa3 41.Be3 Bf6 42.Kh3 Ba1 43.Bf2 Qa4
44.Kg2 Qb4 45.Be3  1/2-1/2

[Event "10th Essent Open"]
[Site "Hoogeveen NED"]
[Date "2006.10.23"]
[Round "4"]
[White "Hoeksema,E"]
[Black "Ibrahimov,R"]
[Result "1/2-1/2"]
[WhiteElo "2374"]
[BlackElo "2541"]

1.Nf3 Nf6 2.c4 c5 3.g3 b6 4.Bg2 Bb7 5.O-O g6 6.d4 cxd4 7.Qxd4 Bg7 8.Nc3 d6
9.Rd1 Nbd7 10.Be3 Rc8 11.Rac1 a6 12.b3 O-O 13.Qh4 Rc7 14.Bh3 Qb8 15.Bh6 Rd8
16.g4 Bxh6 17.Qxh6 Nf8 18.g5 Ne4 19.Nd5 Bxd5 20.Rxd5 b5 21.Qh4 Nc5 22.Rdd1 Nce6
23.cxb5 Qxb5 24.Rxc7 Nxc7 25.Rc1 Nce6 26.Bf1 Qa5 27.Rc2 Rb8 28.Qg3 Rb5 29.e3 Rd5
30.h4 Rd1 31.Kg2 Ra1 32.Qg4 Rxa2 33.b4 Qa3 34.Rxa2 Qxa2 35.Qc4 Qxc4 36.Bxc4 Nc7
37.Nd4 Nd7 38.Nc6 Kf8 39.f4 e6 40.Kf3 Ke8 41.Bd3 Nb6 42.e4 d5 43.Ke3 dxe4
44.Kxe4 Nbd5 45.Ke5 Kd7 46.Nb8+ Ke7 47.Nc6+ Kd7 48.Nb8+  1/2-1/2

[Event "III Open"]
[Site "Calvia ESP"]
[Date "2006.10.26"]
[Round "7"]
[White "Pogorelov,R"]
[Black "Spassov,L"]
[Result "1-0"]
[WhiteElo "2462"]
[BlackElo "2365"]

1.Nf3 Nf6 2.c4 b6 3.g3 c5 4.Bg2 Bb7 5.O-O g6 6.Nc3 Bg7 7.d4 cxd4 8.Qxd4 d6
9.Be3 Nbd7 10.Rac1 Rc8 11.b3 O-O 12.Qh4 a6 13.Rfd1 Re8 14.Bh3 Rc7 15.g4 Qb8
16.g5 Nh5 17.Bg4 Bxc3 18.Rxc3 Ng7 19.Bxd7 Rxd7 20.Ne5 Rc7 21.Ng4 Bc8 22.Nh6+ Kf8
23.Bc1 Rc5 24.Rf3 Be6 25.Ba3 Ra5 26.Bb4 Rxa2 27.Bc3 Rxe2 28.Nxf7 Kg8 29.Nh6+ Kh8
30.Bxg7+ Kxg7 31.Qd4+ Re5 32.Re3  1-0

[Event "10th Essent Open"]
[Site "Hoogeveen NED"]
[Date "2006.10.26"]
[Round "7"]
[White "Vul,A"]
[Black "Grooten,H"]
[Result "0-1"]
[WhiteElo "2365"]
[BlackElo "2387"]

1.Nf3 Nf6 2.c4 b6 3.g3 c5 4.Bg2 Bb7 5.O-O g6 6.Nc3 Bg7 7.d4 cxd4 8.Nxd4 Bxg2
9.Kxg2 Qc7 10.b3 Qb7+ 11.f3 d6 12.e4 Nbd7 13.Be3 O-O 14.Rc1 a6 15.Qd2 Rfe8
16.Rfd1 e6 17.Bh6 Rad8 18.Bxg7 Kxg7 19.Nc2 Ne5 20.Nb4 Rd7 21.Qd4 g5 22.h3 h6
23.Rf1 a5 24.Nd3 Nc6 25.Qe3 d5 26.e5 Ng8 27.Nb5 Nge7 28.Nd6 Rxd6 29.exd6 Nf5
30.Qd2 d4 31.Rfe1 Nxd6 32.Ne5 Nf5 33.Nxc6 Qxc6 34.Qd3 Qd6 35.Qxf5 exf5 36.Rxe8 h5
37.Rd1 h4 38.gxh4 gxh4 39.Rg1 Kf6 40.Kf2 d3 41.Rd1 Qd4+ 42.Kf1 Kg5 43.Rg8+ Kf4
44.Rg2 Kxf3 45.Rgd2 Ke3 46.Rf2 Qd6 47.Re1+ Kd4 48.Rf3 d2 49.Rd1 Qh2 50.a3 Ke4  0-1

[Event "Open A"]
[Site "Le Touquet FRA"]
[Date "2006.11.02"]
[Round "8"]
[White "Saatdjian,T"]
[Black "Hadet,E"]
[Result "1-0"]
[WhiteElo "2174"]
[BlackElo "1995"]

1.Nf3 Nf6 2.c4 b6 3.g3 Bb7 4.Bg2 c5 5.O-O g6 6.Nc3 Bg7 7.d4 cxd4 8.Qxd4 d6
9.Rd1 Nbd7 10.Be3 Rc8 11.Rac1 a6 12.b3 O-O 13.Qh4 Rc7 14.Bh3 Qb8 15.g4 Qa8
16.g5 Ne4 17.Na4 Nec5 18.Bxd7 Nxd7 19.Nxb6 Nxb6 20.Bxb6 Rd7 21.Qg4 Bc8 22.Qg3 Qb7
23.Bd4 e5 24.Ba1 f5 25.gxf6 Bxf6 26.c5 dxc5 27.Bxe5 Be7 28.Bc3 Rf5 29.Kf1 Rfd5
30.Ke1 Rd8 31.Rxd5 Qxd5 32.Qe5 Qxe5 33.Bxe5 Bg4 34.Nd2 Rd5 35.Nc4 Bf5 36.Rd1 Rxd1+
37.Kxd1 Bb1 38.a3 Bh4 39.Bg3 Bf6 40.Bd6 Bf5 41.Bxc5 Be6 42.Bd6 Kf7 43.Kd2 Ke8
44.e3 Kd7 45.Bg3 Kc6 46.Kd3 Be7 47.f3 Bf6 48.e4 Be7 49.Be5 Bd8 50.Kc3 Bh4
51.Bg3 Bf6+ 52.Kc2 Be7 53.a4 Bf6 54.Ne5+ Kc5 55.Nd3+ Kb6 56.Nf4 Bf7 57.Nd5+ Bxd5
58.exd5 Kc5 59.d6 h5 60.h4 g5 61.hxg5 Bxg5 62.Kd3 h4 63.Bh2 Kb4 64.f4 Bd8
65.f5 Kxb3 66.d7 h3 67.a5 Kb4 68.Kd4 Kxa5 69.Kc5 Be7+ 70.Kc6 Bd8 71.Bc7+ Bxc7
72.Kxc7 h2 73.d8=Q h1=Q 74.f6 Kb5 75.Qd7+ Ka5 76.f7 Qc1+ 77.Kd8 Qg5+ 78.Kc8 Qg7
79.Qd8+ Kb5 80.f8=Q  1-0

[Event "Femida w"]
[Site "Kharkiv UKR"]
[Date "2006.11.05"]
[Round "7"]
[White "Chistiakova,T"]
[Black "Matseyko,K"]
[Result "1/2-1/2"]
[WhiteElo "2314"]
[BlackElo "2318"]

1.Nf3 Nf6 2.c4 c5 3.g3 b6 4.Bg2 Bb7 5.O-O g6 6.b3 Bg7 7.Bb2 O-O 8.Nc3 Na6
9.e3 e6 10.Nb5 d5 11.cxd5 Bxd5 12.d4 Qd7 13.Qe2 Rfd8 14.Nc3 Bb7 15.Rfd1 cxd4
16.Rxd4 Nd5 17.Nxd5 Bxd4 18.Nxd4 exd5 19.Qf3 Qe7 20.Qf4 Nc5 21.Rd1 Ne4 22.Nb5 a6
23.Bxe4 dxe4 24.Nd6 f5 25.Rd4 Rd7 26.g4 g5 27.Qxf5 Rxd6 28.Ba3 Rad8 29.Rxd6 Rxd6
30.Bxd6 Qxd6 31.Qxg5+ Kf8 32.Qf5+ Ke8 33.Kg2 Qg6 34.Qf4 Bc8 35.h3 Qe6 36.Qc7 h5
37.Kf1 hxg4 38.hxg4 Qxg4 39.Qxb6 Qd1+ 40.Kg2 Bg4 41.Qg6+ Kd8 42.Qxe4 Be2
43.Qd4+ Qxd4 44.exd4 Kd7 45.b4 Kd6 46.f4 Kd5 47.Kf2 Bc4 48.a4 Kxd4 49.b5 axb5  1/2-1/2

[Event "TCh-ROM Divizia A Feminin"]
[Site "Predeal ROM"]
[Date "2006.11.10"]
[Round "7"]
[White "Marin,Ir"]
[Black "Peptan,C"]
[Result "1/2-1/2"]
[WhiteElo "2222"]
[BlackElo "2428"]

1.c4 b6 2.g3 Bb7 3.Nf3 Nf6 4.Bg2 c5 5.O-O g6 6.Nc3 Bg7 7.Re1 O-O 8.e4 Nc6
9.e5 Ne8 10.d4 Nxd4 11.Nxd4 Bxg2 12.Kxg2 cxd4 13.Qxd4 d6 14.Bf4 dxe5 15.Qxd8 Rxd8
16.Bxe5 f6 17.Bf4 e5 18.Be3 Nd6 19.b3 Nf5 20.Rad1 Nxe3+ 21.fxe3 f5 22.Rd5 Rxd5
23.Nxd5 Kf7 24.Rd1 Rc8 25.a4 e4 26.Kf2 Be5 27.Rd2 g5 28.Ra2 Ke6 29.Rd2 h5
30.Kg2 h4 31.Rf2 Rh8 32.Rd2 Rh7 33.Rc2 Bd6 34.Rd2 a5 35.Rd1 Bc5 36.Rd2 Ke5
37.Rd1 Ke6 38.Rd2 Bd6 39.Rd1 g4 40.Rd2 Be5 41.Rd1 Bd6 42.Rd2 Bc5 43.Rd1 Ke5
44.Rd2 Rd7 45.Rd1 Be7 46.Kf2 Bg5 47.Kg2 Bd8 48.Kf2 Rd6 49.Kg2 Bg5 50.Kf2 Ke6
51.Kg2 Bd8 52.Kf2 Kd7 53.Kg2 h3+ 54.Kg1 Ke6 55.Kf2  1/2-1/2

[Event "66th ch-ITA"]
[Site "Cremona ITA"]
[Date "2006.11.23"]
[Round "2"]
[White "Contin,D"]
[Black "Scalcione,M"]
[Result "1/2-1/2"]
[WhiteElo "2386"]
[BlackElo "2325"]

1.Nf3 Nf6 2.g3 c5 3.c4 b6 4.Bg2 Bb7 5.O-O g6 6.d4 cxd4 7.Qxd4 Bg7 8.Nc3 Nc6
9.Qd2 Na5 10.Qd3 Rc8 11.e4 Nxc4 12.b3 Na5 13.e5 Ng4 14.Nb5 Bxf3 15.Qxf3 Nxe5
16.Qe2 a6 17.Bb2 axb5 18.Bxe5 O-O 19.Bxg7 Kxg7 20.Qxb5 e6 21.Rac1 Rxc1 22.Rxc1 d5
23.Bf1 Qd6 24.b4 Nc4 25.Bxc4 Qc7 26.Rc2 dxc4 27.Rxc4 Qa7 28.a4 Rd8 29.Rc6 Rd5
30.Qc4 Qxa4 31.Qc3+ e5 32.Rxb6 Rd1+ 33.Kg2 Qa8+ 34.Rc6 Qa1 35.Qxa1 Rxa1 36.b5 Rb1
37.b6 e4 38.g4 Rb3 39.h4 h6 40.Rd6  1/2-1/2

[Event "37th National Chess Congress"]
[Site "Philadelphia USA"]
[Date "2006.11.24"]
[Round "2"]
[White "Heimann,M"]
[Black "Figler,I"]
[Result "1-0"]
[WhiteElo "2265"]
[BlackElo "2349"]

1.Nf3 Nf6 2.c4 b6 3.g3 Bb7 4.Bg2 c5 5.O-O g6 6.b3 Bg7 7.Bb2 O-O 8.Nc3 d5
9.Nxd5 Nxd5 10.Bxg7 Kxg7 11.cxd5 Qxd5 12.d4 cxd4 13.Qxd4+ Qxd4 14.Nxd4 Bxg2
15.Kxg2 Rc8 16.Rac1 Nd7 17.Rfd1 Nf6 18.Nb5 Rxc1 19.Rxc1 Rd8 20.Rc7 a6 21.Nc3 Rd7
22.Rc6 Rd6 23.Rxd6 exd6 24.Kf3 h5 25.h4 Kf8 26.Ne4 Ne8 27.Kf4 Ke7 28.Nc3 Nc7
29.e4 b5 30.Nd5+ Nxd5+ 31.exd5 f6 32.g4 hxg4 33.Kxg4 Kf7 34.f4  1-0

[Event "56th ch-GRE"]
[Site "Salonica GRE"]
[Date "2006.12.01"]
[Round "5"]
[White "Karayannis,A"]
[Black "Mastrovasilis,A"]
[Result "0-1"]
[WhiteElo "2361"]
[BlackElo "2533"]

1.Nf3 Nf6 2.g3 b6 3.Bg2 Bb7 4.c4 c5 5.O-O g6 6.Nc3 Bg7 7.d3 O-O 8.Bd2 Nc6
9.Qc1 e6 10.Bh6 d5 11.Bxg7 Kxg7 12.cxd5 exd5 13.d4 Nxd4 14.Nxd4 cxd4 15.Nb5 d3
16.exd3 Ba6 17.a4 Qd7 18.Nc3 Rac8 19.Qd2 Qf5 20.Rfd1 Rfe8 21.a5 Bxd3 22.axb6 axb6
23.Ra4 Bc4 24.Rb4 d4 25.Qxd4 b5 26.g4 Qg5 27.Ne4 Qe5 28.Nxf6 Qxf6 29.Qxf6+ Kxf6
30.b3 Be2 31.Rd6+ Kg7 32.h3 Red8 33.Rb6 Rc7 34.Re4 Bd3 35.Re1 Rc3 36.b4 Bc4
37.Bf1 Bxf1 38.Kxf1 Rxh3 39.Re4 Rd5 40.Rf4 g5 41.Rf5 Rxf5 42.gxf5 Rh4 43.Rxb5 Kf6
44.Rb7 h5 45.b5 Rb4 46.b6 Rb3 47.Kg2 g4 48.Rb8 h4 49.b7 Kxf5 50.Kh2 h3 51.Ra8 Rxb7
52.Ra5+ Kf4 53.Ra4+ Kf3 54.Ra5 Kf4 55.Ra4+ Kg5 56.Ra5+ f5 57.Ra2 Rb3 58.Rc2 Kh4
59.Rc5 Rb2 60.Kg1 h2+ 61.Kxh2 Rxf2+ 62.Kg1 Kg3 63.Rc3+ Rf3 64.Rc1 Ra3 65.Rb1 f4
66.Rc1 f3 67.Rb1 Ra2  0-1

[Event "XV Asiad Women's Rapid"]
[Site "Doha QAT"]
[Date "2006.12.04"]
[Round "8"]
[White "Aketaeva,D"]
[Black "Zhao Xue"]
[Result "0-1"]
[WhiteElo "2312"]
[BlackElo "2467"]

1.Nf3 Nf6 2.c4 b6 3.g3 c5 4.Bg2 Bb7 5.O-O g6 6.d4 cxd4 7.Nxd4 Bxg2 8.Kxg2 Bg7
9.Nc3 O-O 10.Bg5 h6 11.Bf4 d6 12.Nf3 Nbd7 13.Rc1 Rc8 14.b3 Kh7 15.Qd2 Nc5
16.Rfd1 Qd7 17.Nd5 Nce4 18.Nxf6+ Nxf6 19.Be3 Qb7 20.a4 Rfd8 21.Qb4 Rd7 22.Kg1 Rdc7
23.Rc2 Qe4 24.Rcd2 Qb7 25.Rd3 Ne4 26.Bd4 Nf6 27.Be3 Rb8 28.a5 b5 29.c5 dxc5
30.Bxc5 Rbc8 31.Be3 Rc2 32.Qh4 Qc7 33.Ng5+ Kg8 34.Ne4 Qxa5 35.Nxf6+ Bxf6
36.Qxh6 Rxe2 37.b4 Qc7 38.Rd7 Re1+ 39.Kg2 Qc6+ 40.Kh3 Rxd1 41.Rxd1 Qe6+ 42.g4 a6
43.Bc5 Qb3+  0-1

[Event "XV Asiad Classical"]
[Site "Doha QAT"]
[Date "2006.12.10"]
[Round "5"]
[White "Bu Xiangzhi"]
[Black "Sasikiran,K"]
[Result "0-1"]
[WhiteElo "2671"]
[BlackElo "2675"]

1.Nf3 Nf6 2.c4 b6 3.g3 c5 4.Bg2 Bb7 5.O-O g6 6.Nc3 Bg7 7.d4 cxd4 8.Qxd4 d6
9.Rd1 Nbd7 10.Be3 Rc8 11.Rac1 O-O 12.Qh4 a6 13.b3 Rc7 14.g4 h6 15.Bxh6 Bxh6
16.Qxh6 Nxg4 17.Qh4 Ngf6 18.Nd5 Bxd5 19.cxd5 Rxc1 20.Rxc1 b5 21.b4 a5 22.Qh6 Ng4
23.Qh4 Ngf6 24.Qh6 Ng4 25.Qg5 Nge5 26.Nd4 axb4 27.Bh3 Nc5 28.Kh1 Qa8 29.Nf5 e6
30.Ne7+ Kg7 31.f4 Ne4 32.Qg2 Qa3 33.Rf1 Rh8 34.fxe5 Qxh3 35.Rf4 Ng3+ 36.Kg1 dxe5
37.Rxb4 Qxg2+ 38.Kxg2 Nxe2 39.dxe6 Nf4+ 40.Kg3 Kf6 41.Nc6 Kxe6 42.Rxb5 Rh3+
43.Kf2 Rxh2+ 44.Kg3 Rh3+ 45.Kf2 f6 46.a4 Ra3 47.a5 g5 48.Rb6 Nd5 49.Nd4+ Kf7
50.Rb7+ Kg6 51.Nb3 g4 52.Kg3 Kg5 53.Rg7+ Kf5 54.Rb7 Ne3 55.Kh4 Ra2  0-1

[Event "27th Open A"]
[Site "Bethune FRA"]
[Date "2006.12.28"]
[Round "5"]
[White "Shchekachev,A"]
[Black "Kjartansson,G"]
[Result "1-0"]
[WhiteElo "2561"]
[BlackElo "2246"]

1.Nf3 Nf6 2.c4 b6 3.g3 c5 4.Bg2 Bb7 5.O-O g6 6.d4 cxd4 7.Qxd4 Bg7 8.Nc3 d6
9.Rd1 Nbd7 10.Be3 O-O 11.Qh4 Rc8 12.Rac1 a6 13.b3 Rc7 14.g4 h6 15.Bxh6 Bxh6
16.Qxh6 Nxg4 17.Qh4 Ngf6 18.Qh6 Ng4 19.Qh4 Ngf6 20.Nd5 Nxd5 21.cxd5 Nf6 22.e4 Kg7
23.Nd4 Rh8 24.Qg5 Rh5 25.Qf4 Rc5 26.b4 Rxc1 27.Rxc1 Qd7 28.Qg3 Qa4 29.a3 a5
30.Qb3 Qd7 31.Qg3 axb4 32.axb4 Qa4 33.Nc6 Kf8 34.Qc3 Qa2 35.Nd4 Ng4 36.Qc2 Qa3
37.h3 Rxh3 38.Bxh3 Qxh3 39.f3 Qg3+ 40.Qg2 Qf4 41.Re1 Ne5 42.Qh2 Qf6 43.Rd1 Kg7
44.Qg3 Bc8 45.f4 Ng4 46.Qc3 Kh7 47.Ne2 Qh4 48.Qg3 Qh6 49.Rc1 Qf8 50.Rc7 Nf6
51.f5 gxf5 52.Nf4 Nxe4 53.Qh4+ Kg8 54.Qxe7 Qg7+ 55.Ng2 Qd4+ 56.Kh2 Qh8+ 57.Qh4 Qe5+
58.Kh3 Ba6 59.b5 Bxb5 60.Rc8+ Be8 61.Nf4 Kf8 62.Rc7 Qf6 63.Qxf6 Nxf6 64.Rb7 b5
65.Kh4 Ne4 66.Nh5 Nc5 67.Rb8 Ke7 68.Kg5 Bd7 69.Ng3 f6+ 70.Kg6 f4 71.Nf5+ Bxf5+
72.Kxf5 f3 73.Rxb5 Nd3 74.Rb7+ Ke8 75.Rb1 f2 76.Rf1 Kf7 77.Ke4 Nc5+ 78.Kd4 Nb3+
79.Kd3 Nc5+ 80.Ke3 f5 81.Rxf2 Kf6 82.Kd4 Nd7 83.Ra2 Ne5 84.Ra6 Nf7 85.Rb6 Kg6
86.Rb8 Kg5 87.Ke3 Kf6 88.Kf4 Ne5 89.Rf8+ Kg6 90.Rd8 Nf7 91.Rd7 Kf6 92.Rxf7+ Kxf7
93.Kxf5 Ke7 94.Kg6  1-0

[Event "27th Open A"]
[Site "Bethune FRA"]
[Date "2006.12.28"]
[Round "5"]
[White "Giffard,N"]
[Black "Gharamian,T"]
[Result "0-1"]
[WhiteElo "2372"]
[BlackElo "2467"]

1.Nf3 Nf6 2.c4 b6 3.g3 c5 4.Bg2 Bb7 5.O-O g6 6.Nc3 Bg7 7.d4 cxd4 8.Nxd4 Bxg2
9.Kxg2 O-O 10.e4 Qc7 11.Qe2 Nc6 12.Ndb5 Qb7 13.Rd1 a6 14.Na3 Rac8 15.f3 d6
16.Be3 Ne5 17.Rac1 Rc6 18.Nd5 Nxd5 19.cxd5 Rxc1 20.Rxc1 f5 21.Qc2 fxe4 22.fxe4 Qd7
23.h3 b5 24.b3 e6 25.Qc7 exd5 26.Qxd7 Nxd7 27.exd5 Bb2 28.Rc7 Nf6 29.Nc2 Nxd5
30.Rc6 Be5 31.Bd2 Nf6 32.Rxa6 Ne4 33.Bf4 Bxf4 34.gxf4 Rxf4 35.Nd4 Rf2+ 36.Kg1 b4
37.Nc6 Rd2 38.Nxb4 Ng5 39.a4 Nxh3+ 40.Kf1 g5 41.Ke1 Rd4 42.Nc2 Re4+ 43.Kf1 g4
44.Rxd6 Rf4+ 45.Kg2 Rf2+ 46.Kg3 Rxc2 47.Kxg4 Rc3 48.Rb6 Nf2+ 49.Kh4 Kf7 50.a5 h6
51.Rb7+ Kg6 52.Rb6+ Kg7 53.Rb7+ Kf6 54.Rb6+ Kf7 55.Rb7+ Kf6 56.Rb6+ Kf5 57.Rb5+ Ke6
58.Kh5 Ne4 59.Kxh6 Rh3+ 60.Kg6 Rg3+ 61.Kh5 Nd6 62.Rb4 Rg7 63.a6 Ra7 64.Ra4 Kd5
65.Kg5 Kc6 66.Kf6 Ne8+ 67.Ke5 Kb5 68.Kd4 Nc7 69.Kc3 Nxa6 70.Kb2 Rh7 71.Rg4 Rh2+
72.Ka3 Nc5 73.Rb4+ Kc6 74.Rb8 Rh3 75.Rb4 Kd5 76.Ka2 Nd3 77.Rb8 Rh7 78.Rd8+ Ke4
79.Ra8 Rh2+ 80.Ka3 Rh1 81.Ka2 Nb4+ 82.Kb2 Rh2+ 83.Kb1 Kd3 84.Rg8 Kc3 85.Rg3+ Nd3
86.b4 Rb2+ 87.Ka1 Rd2 88.b5 Kb3 89.Rg1 Ka3  0-1

[Event "Open"]
[Site "Marianske Lazne CZE"]
[Date "2007.01.22"]
[Round "3"]
[White "Volodin,V"]
[Black "Zapletal,J"]
[Result "1/2-1/2"]
[WhiteElo "2230"]
[BlackElo "2127"]

1.Nf3 Nf6 2.c4 c5 3.g3 b6 4.Bg2 Bb7 5.O-O g6 6.b3 Bg7 7.Bb2 O-O 8.Nc3 Ne4
9.Qc2 Nxc3 10.Bxc3 Bxc3 11.Qxc3 d5 12.cxd5 Qxd5 13.d4 cxd4 14.Qxd4 Qxd4 15.Nxd4 Bxg2
16.Kxg2 Nd7 17.Nc6 Kg7 18.Rfd1 Nf6 19.Kf3 e6 20.b4 Rfc8 21.b5 a6 22.a4 axb5
23.axb5 Rxa1 24.Rxa1 Nd5 25.Ra7 Rc7 26.e4 Rxa7 27.Nxa7 Nc7 28.Ke3 h5 29.Kd4 Kf6
30.Kc4 Kg7 31.Nc8 Na8 32.Nxb6 Nxb6+ 33.Kc5 Na4+ 34.Kc6 Kf6 35.f4 Ke7 36.Kb7 Kd8
37.b6 Nxb6 38.Kxb6 Kd7 39.Kb7 Kd8 40.Kc6 Ke8 41.Kd6 Kd8  1/2-1/2

[Event "GM"]
[Site "Geneve SUI"]
[Date "2007.01.28"]
[Round "9"]
[White "Malakhatko,V"]
[Black "Cvitan,O"]
[Result "1/2-1/2"]
[WhiteElo "2604"]
[BlackElo "2536"]

1.Nf3 Nf6 2.c4 b6 3.g3 c5 4.Bg2 Bb7 5.O-O g6 6.Nc3 Bg7 7.d4 cxd4 8.Qxd4 d6
9.Rd1 Nbd7 10.Ne1 Bxg2 11.Nxg2  1/2-1/2

[Event "TCh-NED 2006-7"]
[Site "Netherlands NED"]
[Date "2007.03.03"]
[Round "6"]
[White "Tjiam,D"]
[Black "Van der Wiel,J"]
[Result "0-1"]
[WhiteElo "2391"]
[BlackElo "2511"]

1.Nf3 c5 2.c4 Nf6 3.g3 b6 4.Bg2 Bb7 5.O-O g6 6.Nc3 Bg7 7.d4 cxd4 8.Qxd4 d6
9.Rd1 Nbd7 10.b3 Rc8 11.Bb2 O-O 12.Qe3 a6 13.Rac1 Re8 14.Bh3 Rc5 15.Qd2 Rh5
16.Bg2 Qa8 17.Qc2 Bh6 18.Rb1 Rc8 19.Rd4 Bg7 20.Qd1 b5 21.cxb5 axb5 22.Rb4 Rhc5
23.Rxb5 Rxc3 24.Bxc3 Rxc3 25.Rb4 Nc5 26.a4 Be4 27.Rc1 Rxc1 28.Qxc1 Nd5 29.Rc4 Nb6
30.Rb4 Nbd7 31.Ne1 Bxg2 32.Nxg2 h5 33.Qc4 Ne5 34.Qc2 Nc6 35.Rc4 Nd4 36.Qd1 Ndxb3
37.Ne3 Qa6 38.Rb4 Na5 39.Qd5 e6 40.Rb8+ Kh7 41.Qa8 Qxe2 42.Qxa5 Ne4 43.Rb3 Bd4
44.Qc7 Qxf2+  0-1

[Event "TCh-AUT 2006-7"]
[Site "Mattersburg AUT"]
[Date "2007.03.08"]
[Round "8"]
[White "Buhmann,R"]
[Black "Sommerbauer,N"]
[Result "1/2-1/2"]
[WhiteElo "2547"]
[BlackElo "2463"]

1.Nf3 c5 2.c4 b6 3.g3 Bb7 4.Bg2 Nf6 5.O-O g6 6.Nc3 Bg7 7.d4 cxd4 8.Qxd4 d6
9.Rd1 Nbd7 10.Be3 Rc8 11.Rac1 O-O 12.Qh4 a6 13.b3 Rc7 14.g4 h6 15.Bxh6 Bxh6
16.Qxh6 Nxg4 17.Qg5 Ndf6 18.Rd4 Rc5 19.Qd2 Qa8 20.Na4 Ne4 21.Rxe4 Bxe4 22.Nxc5 bxc5
23.Qg5 Nf6  1/2-1/2